I Want a Hippopotamus for Christmas - Statistics

General Stats
  • This quiz has been taken 4 times
  • The average score is 103 of 214
Answer Stats
Answer % Correct
a
100%
Christmas
100%
for
100%
hippo
100%
I
100%
on
100%
only
100%
want
100%
when
100%
do
75%
hippopotamus
75%
no
75%
will
75%
and
50%
enjoy
50%
hippopotamuses
50%
or
50%
play
50%
rhinoceroses
50%
to
50%
toy
50%
with
50%
but
25%
can
25%
creeping
25%
crocodiles
25%
dinky
25%
doll
25%
don't
25%
door
25%
down
25%
eat
25%
eyes
25%
feed
25%
garage
25%
give
25%
he
25%
hero
25%
him
25%
his
25%
I'd
25%
in
25%
is
25%
joy
25%
like
25%
lots
25%
massage
25%
me
25%
mom
25%
morning
25%
my
25%
now
25%
of
25%
oh
25%
open
25%
our
25%
room
25%
says
25%
see
25%
stairs
25%
standing
25%
surprise
25%
teacher
25%
the
25%
then
25%
there
25%
there's
25%
tinker
25%
too
25%
two-car
25%
up
25%
vegetarian
25%
wash
25%
what
25%
would
25%
bring
0%
chimney
0%
Claus
0%
dirty
0%
doI
0%
easy
0%
flue
0%
front
0%
have
0%
hippopotamuseses
0%
just
0%
mind
0%
noo
0%
rhinoceroseses
0%
Santa
0%
that's
0%
thing
0%
think
0%
through
0%
use
0%
won't
0%
you
0%
No matching quizzes found
Score Distribution
Percent of People with Each Score
Percentile by Number Answered
Your Score History
You have not taken this quiz